| 000 | 00694nam a2200253Ia 4500 | ||
|---|---|---|---|
| 008 | 170203s9999 xx 000 0 und d | ||
| 020 | _a9780394823959 | ||
| 050 | _aFic | ||
| 050 | _bS496i | ||
| 100 | _aDr. Seuss. | ||
| 245 | _aIn a people house / | ||
| 245 | _cby Dr. Seuss writing as Theo. LeSieg ; Illustrated by Roy McKie. | ||
| 260 | _aNew York : | ||
| 260 | _bRandom House Beginner Books, | ||
| 260 | _c©2000. | ||
| 300 | _a28 unnumbered pages : | ||
| 300 | _billustrations ; | ||
| 300 | _c24 cm. | ||
| 440 | _aBright & early books for beginning beginners. | ||
| 650 | _aHomes -- | ||
| 650 | _aStories in rhyme. | ||
| 650 | _aVocabulary. | ||
| 650 | _xFiction. | ||
| 999 |
_c306473 _d306473 |
||